000 00690nam a2200241Ia 4500
003 OSt
005 20220916110942.0
006 a|||||r|||| 00| 0
007 ta
008 220915b |||||||| |||| 00| 0 eng d
024 _a28282
037 _cTextbook
040 _beng
_aARTS
_cARTS
041 _aeng
082 _aO111,1M:gx, K61 (EO)
100 _aKumar Shiv K Ed.
245 0 _aBritish romantic poets : recent revaluations ed. by Shiv K. Kumar
260 _aLondon
_bUniversity of London UK
300 _aviii,327p.
_ccm.
650 _aENGLISH LITERATURE
942 _hO111,1M:gx, K61 (EO)
_cTB
_2CC
999 _c102115
_d102115